000 00295nam a2200121Ia 4500
005 20251222154311.0
008 251222s9999||||xx |||||||||||||| ||spa||
020 _a84-01-46299-1
082 _a818.6/R71
100 _a"Robinson, Lynda S."
245 0 _aAsesinatos en la ciudad real
942 _cLIB
999 _c33397
_d33397